000 00293nam a22001337a 4500
008 170602b xxu||||| |||| 00| 0 eng d
020 _a9780921332275
041 _aeng
080 _a94
100 _a17
101 _aSHH
245 _aCHILDREN OF PROMETHEUS
_cMACLACHLAN,J
942 _2udc
_cBK
999 _c15671
_d15671